00230 a2200109 4500001000700000020000600007040001100013100001800024240003700042245003200079362000900111177165 a  cMagnum aBulloch, Ivan10aDesafios matematicos: jogoslpor10aDesafios matematicos: jogos0 a1899